Kehidupan para syuhada (Record no. 22599)

MARC details
000 -LEADER
fixed length control field 00677nam a2200241 i 4500
001 - CONTROL NUMBER
control field C2-0100199
003 - CONTROL NUMBER IDENTIFIER
control field PPAK
005 - DATE AND TIME OF LATEST TRANSACTION
control field 20180727095114.0
008 - FIXED-LENGTH DATA ELEMENTS--GENERAL INFORMATION
fixed length control field 970527s1992 my a|||| ||||| | may d
020 ## - INTERNATIONAL STANDARD BOOK NUMBER
International Standard Book Number 9836233342
040 ## - CATALOGING SOURCE
Original cataloging agency PPAK
Language of cataloging eng
Transcribing agency PPAK
Description conventions rda
082 04 - DEWEY DECIMAL CLASSIFICATION NUMBER
Classification number 297.122
Edition number 23
090 00 - LOCALLY ASSIGNED LC-TYPE CALL NUMBER (OCLC); LOCAL CALL NUMBER (RLIN)
Classification number (OCLC) (R) ; Classification number, CALL (RLIN) (NR) 297.122
Feature heading SYA
Feature heading K
100 1# - MAIN ENTRY--PERSONAL NAME
Personal name Syalabiy, Saad Ismail,
Relator term author
245 10 - TITLE STATEMENT
Title Kehidupan para syuhada
264 #1 - PRODUCTION, PUBLICATION, DISTRIBUTION, MANUFACTURE, AND COPYRIGHT NOTICE
Place of production, publication, distribution, manufacture Kuala Lumpur :
Name of producer, publisher, distributor, manufacturer Dewan Bahasa dan Pustaka ,
Date of production, publication, distribution, manufacture, or copyright notice 1992
300 ## - PHYSICAL DESCRIPTION
Extent iii, 34 pages :
Other physical details illustrations ;
Dimensions 24 cm
336 ## - CONTENT TYPE
Source rdacontent
Content type term text
337 ## - MEDIA TYPE
Source rdamedia
Media type term unmediated
338 ## - CARRIER TYPE
Source rdacarrier
Carrier type term volume
650 10 - SUBJECT ADDED ENTRY--TOPICAL TERM
Topical term or geographic name entry element Koran stories, Malay
942 ## - ADDED ENTRY ELEMENTS (KOHA)
-- dc
Koha item type Book
Holdings
Withdrawn Not for loan Current library Shelving location Date acquired Total Checkouts Full call number Barcode Date last seen Date last checked out Koha item type Total Renewals
    Perpustakaan Alor Setar Pinjaman Kanak-kanak 01/10/1997 4 K 297.122 SYA A00080780 05/06/2025 11/05/2025 Book 2
  Not For Loan Perpustakaan Alor Setar Koleksi Ismail Hussein 03/03/2024   KIH 297.122 SYA A00170677 03/03/2024   Book  
    Perpustakaan Awam Sungai Petani Pinjaman Kanak-kanak 18/11/2003   K 297.122 SYA A00401144 08/05/2018   Book  
    Perpustakaan Jitra Pinjaman Kanak-kanak 06/11/2003 1 K 297.122 SYA A00825331 16/10/2022 25/09/2022 Book  
    Perpustakaan Langkawi Pinjaman Kanak-kanak 02/09/2004   K 297.122 SYA A00853355 08/05/2018   Book  
    Perpustakaan Langkawi Pinjaman Kanak-kanak 02/09/2004   K 297.122 SYA A00853353 08/05/2018   Book